LEADER 01271nam a2200289 i 4500 001 000000155287 003 CaOOAMICUS 005 20211115122936.0 008 061106n it u000 u ita u 013 $a132636 040 $aSeMil$bita 245 10$aZona 3 /$ctesto realizzato grazie alla preziosa collaborazione dei ricercatori della memoria Roberto Marelli, Alberto Recchi ; ideatrice e coordinatrice del progetto Paola Cascone ; testi a cura di Giorgio Bacchiega. 250 $aed. f.c. 300 $a240 p. :$bill. 500 $aDono del Card. Dionigi Tettamanzi. 650 4$aMilano - Aneddoti.$0(OLS)http://semarc/subject/2741 700 1 $aMarelli, Roberto.$0(OLS)http://semarc/name/58879 700 1 $aBacchiega, Giorgio.$0(OLS)http://semarc/name/59056 700 1 $aCascone, Paola.$0(OLS)http://semarc/name/59055 700 1 $aRecchi, Alberto.$0(OLS)http://semarc/name/59053 773 0 $tMilano della memoria.$dMilano : Comune di Milano, Assessorato al decentramento, 2006.$bed. f.c.$w()16778 850 $aSeMil 852 $aSeMil$W1$xVenegono$y1$m3O IV 51$j107124$B107124$CSeMilBibl$Z2$F116876 $81 941 1 $a5 961 $aOmaggio: Tettamanzi Card. Dionigi 996 $6245$aZona 3$9(OLS)http://semarc/title/227379 LEADER 01579nam a2200313 i 4500 001 000000168861 003 CaOOAMICUS 005 20230209101700.0 008 110127s1751 it u000 u ita u 013 $a146263 026 $aD.VS e.o, i.ga ilch (3) 1751 (R) 040 $aSeMil$bita 100 1 $aDesforges-Maillard, Paul,$d<1699-1772>.$0(OLS)http://semarc/name/63370 240 14$aLes arbres.$0(OLS)http://semarc/title/241542 245 14$aGli alberi. Idillio francese tradotto in versi latini e toscani. 260 $ain Firenze :$bnella Stamperia imperiale,$c1751. 300 $aXXXVIII ;$c8°. 500 $aContiene il testo originale francese, una traduzione latina del Card. Angelo Maria Quirini e due traduzioni italiane, una anonima e l'altra del Conte Giovanni Bartolommeo Casaregi 500 $aA p. [III]: Dedica in latino di Antonio Francesco Gori 700 1 $aGori, Antonio Francesco,$d<1691-1757>.$0(OLS)http://semarc/name/63369 700 1 $aCasaregi, Giovanni Bartolomeo,$d<1676-1753>.$0(OLS)http://semarc/name/63368 700 1 $aQuerini, Angelo Maria,$c.$0(OLS)http://semarc/name/29498 773 0 $t[Miscellanea.$w()24198 850 $aSeMil 852 $aSeMil$W1$xVenegono$y1$m5A I 13/2 FA$j119868$B119868$CSeMilBibl$Z2$F158777 $8I 961 $aLascito: Frontini don Carlo 996 $6245$aGli alberi. Idillio francese tradotto in versi latini e toscani$9(OLS)http://semarc/title/241541 996 $6260$ain Firenze :$bnella Stamperia imperiale$9(OLS)http://semarc/publisher/48804